<?xml version="1.0" encoding="UTF-8"?><?xml-stylesheet type="text/xsl" href="static/style.xsl"?><OAI-PMH xmlns="http://www.openarchives.org/OAI/2.0/" xmlns:xsi="http://www.w3.org/2001/XMLSchema-instance" xsi:schemaLocation="http://www.openarchives.org/OAI/2.0/ http://www.openarchives.org/OAI/2.0/OAI-PMH.xsd"><responseDate>2026-04-13T00:54:16Z</responseDate><request verb="GetRecord" identifier="oai:www.recercat.cat:2117/81508" metadataPrefix="marc">https://recercat.cat/oai/request</request><GetRecord><record><header><identifier>oai:recercat.cat:2117/81508</identifier><datestamp>2026-02-24T06:21:45Z</datestamp><setSpec>com_2072_1033</setSpec><setSpec>col_2072_452951</setSpec></header><metadata><record xmlns="http://www.loc.gov/MARC21/slim" xmlns:dcterms="http://purl.org/dc/terms/" xmlns:xsi="http://www.w3.org/2001/XMLSchema-instance" xmlns:doc="http://www.lyncode.com/xoai" xsi:schemaLocation="http://www.loc.gov/MARC21/slim http://www.loc.gov/standards/marcxml/schema/MARC21slim.xsd">
   <leader>00925njm 22002777a 4500</leader>
   <datafield ind2=" " ind1=" " tag="042">
      <subfield code="a">dc</subfield>
   </datafield>
   <datafield ind2=" " ind1=" " tag="720">
      <subfield code="a">Solans Sala, Serni</subfield>
      <subfield code="e">author</subfield>
   </datafield>
   <datafield ind2=" " ind1=" " tag="260">
      <subfield code="c">2014</subfield>
   </datafield>
   <datafield ind2=" " ind1=" " tag="520">
      <subfield code="a">Patients who cannot move on their own are nowadays in the vast majority being han-&#xd;
dled manually by the nursery personnel. The aim of this project is to advance on the creation of a &#xd;
robot to lift and comfortably transport this patients without the need of human strength, reducing &#xd;
dramatically injuries among the nurses and saving time. To achieve such an important goal, it must &#xd;
not only be efficient and safe, but also affordable for most hospitals and nursing homes.&#xd;
Intensive research on existing and projected devices and robots with similar intentions has been &#xd;
conducted, patents have as well been investigated. In the same way, it has been established which &#xd;
features and, which positions should the device reach, which speed range should it maintain and &#xd;
which kind of testing will it have to overcome according to norms.&#xd;
As a second part of the project, several movement options have been studied, leading to a number of &#xd;
device concepts which are further developed in this project. During this phase, the viability of &#xd;
each concept is discussed using criteria as efficiency, stability, num- ber of necessary actuators &#xd;
or degrees of freedom.&#xd;
Later on, after choosing the final concept, the mechanical design phase begins, using mainly DS &#xd;
Solidworks. This part includes several structural and section calculations and finite element  &#xd;
analysis, performed  with Ansys  Workbench 14.5 Student  version, which help to sustain the taken &#xd;
decisions or to prove the resistance of some components. The actuation system and power &#xd;
transmission are also decided in this chapter.&#xd;
In the end a solid design using new components and existing devices not related to person lifting &#xd;
in new ways, with a large part of the components already engineered almost&#xd;
ready to be ordered for a prototype to be build, is obtained.</subfield>
   </datafield>
   <datafield ind2=" " ind1=" " tag="520">
      <subfield code="a">Outgoing</subfield>
   </datafield>
   <datafield tag="653" ind2=" " ind1=" ">
      <subfield code="a">Àrees temàtiques de la UPC::Enginyeria mecànica</subfield>
   </datafield>
   <datafield tag="653" ind2=" " ind1=" ">
      <subfield code="a">Kinematics</subfield>
   </datafield>
   <datafield tag="653" ind2=" " ind1=" ">
      <subfield code="a">Hospital patients -- Equipment and Supplies</subfield>
   </datafield>
   <datafield tag="653" ind2=" " ind1=" ">
      <subfield code="a">Hoisting machinery</subfield>
   </datafield>
   <datafield tag="653" ind2=" " ind1=" ">
      <subfield code="a">Person-lifter  robot</subfield>
   </datafield>
   <datafield tag="653" ind2=" " ind1=" ">
      <subfield code="a">Cinemàtica</subfield>
   </datafield>
   <datafield tag="653" ind2=" " ind1=" ">
      <subfield code="a">Hospitals—Pacients -- Aparells i accessoris</subfield>
   </datafield>
   <datafield tag="653" ind2=" " ind1=" ">
      <subfield code="a">Maquinària elevadora</subfield>
   </datafield>
   <datafield ind2="0" ind1="0" tag="245">
      <subfield code="a">Kinematic study, calculations and electro-mechanic layout of an innovative Person lifter for hospitals and nursing homes</subfield>
   </datafield>
</record></metadata></record></GetRecord></OAI-PMH>